Statistics for Cliches about Love

Click here to take the quiz!

General Stats

  • This quiz has been taken 35,564 times
  • The average score is 16 of 20

Answer Stats

Cliche% Correct
Love at first {sight}
100%
Head over {heels} in love
93%
Steal one's {heart}
93%
Tie the {knot}
93%
Love will find a {way}
91%
Make love not {war}
89%
A {match} made in heaven
88%
All's {fair} in love and war
86%
{Kiss} and make up
85%
Walk down the {aisle}
80%
Love thy {neighbor} as thyself
79%
Love means never having to say you're {sorry}
78%
Those three little {words}
78%
Pop the {question}
77%
I only have {eyes} for you
74%
Whisper sweet {nothings}
72%
'Tis better to have {loved} {and} {lost} than never to have loved at all
67%
{Absence} makes the heart grow fonder
56%
How do I love thee? Let me {count} {the} {ways}
45%
Love is a many-{splendored} thing
28%

Score Distribution

Percentile by Number Answered

Percent of People with Each Score

Your Score History

You have not taken this quiz